Countries jbro has been to by Flag Maps - Statistics

General Stats
  • This quiz has been taken 46 times
    19 since last reset
  • The average score is 6 of 7
Answer Stats
Picture Answer % Correct
Canada (2 Subdivisions)
100%
Mexico (2 Subdivisions)
93%
Portugal
93%
Spain (4 Subdivisions)
93%
USA (29 Subdivisions)
93%
Colombia
86%
Morocco
86%
No matching quizzes found
Score Distribution
Percent of People with Each Score
Percentile by Number Answered
Your Score History
You have not taken this quiz since the last reset